| 000 | 00877nam a22002295i 4500 | ||
|---|---|---|---|
| 001 | 53547 | ||
| 003 | ES-MaACL | ||
| 005 | 20250727062556.0 | ||
| 007 | t| | ||
| 008 | 960520s1892 sp a ||||1| spa d | ||
| 040 |
_aCLM _bspa _cCCPB | SIC |
||
| 100 | 1 |
_aFabra, Nilo María, _d1841-1903 _948523 |
|
| 245 | 1 | 3 |
_aEl problema social / _cNilo María Fabra ; ilustraciones un Unceta, Lucas, Regoyos y Estruch ; fotograbados de Laporta. |
| 250 |
_a2ª ed. _bprecedida de un estudio sobre el socialismo por Emilio Castelar. |
||
| 260 |
_aMadrid : _bLibrería de Fernando Fé, _c1892 ( _fEst. tip. "Sucesores de Rivadeneyra") |
||
| 300 |
_a201 p. : _bil. ; _c21 cm. |
||
| 650 | 0 | 7 |
_aSocialismo _2embne _917147 |
| 700 | 1 |
_aCastelar, Emilio, _d1832-1899 _936479 |
|
| 700 | 1 |
_aLaporta, Francisco, _d1850-1914 _9152865 |
|
| 852 |
_aES-MaACL _jD-1187 |
||
| 999 |
_c53547 _d53547 |
||